Les Meilleurs buteurs du Championnat de France de football - Statistiques

Statistiques générales
  • Ce quiz a été pris 159 fois
  • Le résultat moyen est 3 sur 15
Statistiques - réponses
Buts Nationalité Clubs successifs Joueur % Correct
191 France AS Monaco (16), Paris Saint-Germain (175) Kylian Mbappé
88%
164 France OGC Nice (42), Stade de Reims (122) Just Fontaine
43%
255 France Olympique lyonnais (123), AS Saint-Étienne (14), Girondins de Bordeaux (118) Bernard Lacombe
32%
299 Argentine Stade de Reims (39), AS Monaco (157), Tours FC (64), Sporting Toulon Var (39) Delio Onnis
30%
163 France Girondins de Bordeaux (158), Olympique de Marseille (5) Alain Giresse
25%
187 France Olympique lyonnais (182), Red Star (5) Fleury Di Nallo
22%
216 France AS Saint-Étienne (175), OGC Nice (41) Hervé Revelli
21%
179 France Olympique de Marseille (169), Girondins de Bordeaux (10) Gunnar Andersson
18%
179 Argentine Stade de Reims (107), Paris Saint-Germain (64), RC Strasbourg (8) Carlos Bianchi
17%
203 France FC Nancy (91), Stade de Reims (106), OGC Nice (6) Roger Piantoni
12%
169 France LOSC Lille (167), CO Roubaix-Tourcoing (2) Jean Baratte
7%
190 France Stade Français (3), FC Sète (15), Nîmes Olympique (38), OGC Nice (59), RC Paris (75) Joseph Ujlaki
6%
206 France FC Metz (45), RC Paris (152), Valenciennes FC (9) Thadée Cisowski
6%
210 France FC Sochaux-Montbéliard (209), ESTAC Troyes (1) Roger Courtois
5%
173 Maroc Nîmes Olympique (119), Stade de Reims (48), AS Monaco (6) Hassan Akesbi
4%
Aucun quiz correspondant
Distribution des résultats
% des personnes avec chaque résultat
Percentile par nombre de réponses
Votre historique - résultats
Vous n’avez pas pris ce quiz